10 Least Populated African Capitals - Statistics

General Stats
  • This quiz has been taken 14 times
  • The average score is 8 of 10
Answer Stats
Population City % Correct
77,410 Moroni
100%
183,422 Praia
100%
145,814 Port Louis
93%
25,000 Victoria
93%
41,000 Gitega
86%
155,963 Malabo
86%
118,355 Maseru
86%
76,000 Mbabane
86%
180,541 Dodoma
57%
4,557 Lobamba
14%
No matching quizzes found
Score Distribution
Percent of People with Each Score
Percentile by Number Answered
Your Score History
You have not taken this quiz